000 00325nam a22001337a 4500
008 170608b xxu||||| |||| 00| 0 eng d
020 _a0881410160
041 _aeng
080 _a94(4)
100 _a18
101 _aSHH
245 _aTHE RUSSIAN CHURCH UNDER THE SOVIET REGIME 1917-1982
_cPOSPIELOVSKY,D
942 _2udc
_cBK
999 _c16480
_d16480